000 00550nam a2200169Ia 4500
003 GCL
008 140319s9999 xx 000 0 ara d
040 _aGCL /
_cGCL
082 0 4 _a819.9
_bع ع
100 1 _aعباس محمود العقاد
245 1 0 _aعابر سبيل /
_cعباس محمود العقاد
300 _a122 ص
490 _aالهيئة العامة للاستعلامات
_v0
650 0 4 _aالشعر العربى - دواوين وقصائد
650 0 4 _aالادب العربى - العصر الحديث
942 _2ddc
_cBK
999 _c49369
_d49369